01159nam a22002297a 4500008004100000020001500041050002200056100002800078240004600106245006500152260004300217300003700260336001000297337001400307338001200321504003400333505043300367650002500800650002600825650002800851710005000879120622s2000 sp a 000 0 spa d a8474328403 aHF5718 bB73 2000 aBradbury, Andreweautor aSuccessful Presentation Skillslespañol1 aTécnicas para Presentaciones Eficacesc / Andrew Bradbury  aBarcelonab : Gedisa Editorialc, 2000 a166 páginas b : Ilustraciones atexto asin medio avolumen aIncluye: bibliografia (p.167) a¿Cuáles son sus intenciones? 2,4,6,8 ...¿Cómo se comunica? Cuando empieza a sentir miedo Custión de confianza El objetivo principal Conozca a su audiencia Palabras, palabras y más palabras Cuando llegue al final, párese ¡Se abre el telón! Selección y utilización de material visual Diseño eficaz de material audiovisual Distribución del escenario Formular y responder preguntas Presentación personal 10aCOMUNICACIÓN ORAL 20aCOMUNICACIÓN VISUAL30aPRESENTACIÓN NEGOCIOS aTsEdi, Teleservicios Editoriales etraductor